<?xml version="1.0" encoding="UTF-8"?>
<collection xmlns="http://www.loc.gov/MARC21/slim">
 <record>
  <leader>00606pamaa2200181   4500</leader>
  <controlfield tag="001">0000046566</controlfield>
  <controlfield tag="005">20121206090000.0</controlfield>
  <controlfield tag="008">100120                             eng  </controlfield>
  <datafield tag="020" ind1="0" ind2="0">
   <subfield code="a">9780766842724 </subfield>
  </datafield>
  <datafield tag="090" ind1="0" ind2="0">
   <subfield code="a">S494.5.B563 </subfield>
   <subfield code="b">HER 2005</subfield>
  </datafield>
  <datafield tag="100" ind1="1" ind2="0">
   <subfield code="a">Herren </subfield>
  </datafield>
  <datafield tag="245" ind1="1" ind2="0">
   <subfield code="a">Introduction to biotechnology : </subfield>
   <subfield code="b">an agricultural revolution  </subfield>
   <subfield code="c">Ray V. Herren.</subfield>
  </datafield>
  <datafield tag="260" ind1="0" ind2="0">
   <subfield code="a">Clifton Park, N.Y.: </subfield>
   <subfield code="b">Delmar Learning, </subfield>
   <subfield code="c">2005.</subfield>
  </datafield>
  <datafield tag="300" ind1=" " ind2=" ">
   <subfield code="a">xv, 413 p.: </subfield>
   <subfield code="b">col. ill.; </subfield>
   <subfield code="c">27 cm.</subfield>
  </datafield>
  <datafield tag="501" ind1="0" ind2="0">
   <subfield code="a">FAS</subfield>
  </datafield>
  <datafield tag="504" ind1="0" ind2="0">
   <subfield code="a">Includes bibliographical references and index</subfield>
  </datafield>
  <datafield tag="650" ind1="0" ind2="0">
   <subfield code="a">Agricultural biotechnology </subfield>
  </datafield>
  <datafield tag="901" ind1=" " ind2=" ">
   <subfield code="u">http://www.thomsonlearning.com</subfield>
  </datafield>
 </record>
</collection>
